[Event "CZE-chT2B 2122"]
[Site "Czech Republic"]
[Date "2021.12.19"]
[Round "5.6"]
[White "Koci, Vladimir"]
[Black "Novacek, Jan"]
[Result "0-1"]
[WhiteElo "1685"]
[BlackElo "2024"]
[PlyCount "70"]
[EventDate "2021.10.17"]
[EventType "team-tourn"]
[EventRounds "11"]
[EventCountry "CZE"]
[SourceTitle "EXT 2025"]
[Source "ChessBase"]
[SourceDate "2024.10.14"]
[SourceVersion "1"]
[SourceVersionDate "2024.10.14"]
[SourceQuality "1"]
[WhiteTeam "Karlovy Vary Tietz II"]
[BlackTeam "Litomerice Slavoj II"]
[WhiteTeamCountry "CZE"]
[BlackTeamCountry "CZE"]

1. Nf3 d5 2. b3 c5 3. e3 Nc6 4. Bb2 Bg4 5. Bb5 e6 6. h3 Bh5 7. 0-0 Nf6 8. d3 Be7 9. Nbd2 0-0 10. Bxc6 bxc6 11. c4 Rb8 12. Qc2 Nd7 13. Rfe1 Qc7 14. Rac1 Bd6 15. cxd5 cxd5 16. Ba3 Rfc8 17. Qb2 Qb6 18. d4 cxd4 19. Bxd6 Qxd6 20. exd4 Qa6 21. Re3 Rxc1+ 22. Qxc1 Rc8 23. Rc3 Rxc3 24. Qxc3 Qxa2 25. Ne5 Nf8 26. g4 Bg6 27. Nxg6 hxg6 28. b4 Qa4 29. Nf3 f6 30. Kg2 g5 31. Nd2 Ng6 32. Kg3 Nf4 33. Qc8+ Kh7 34. Qb7 Qd1 35. Nf3 Qf1 0-1

[Event "CZE-chT2B 1819"]
[Site "Czech Republic"]
[Date "2018.12.16"]
[Round "5.8"]
[White "Klatil, Karel"]
[Black "Novacek, Jan"]
[Result "1/2-1/2"]
[WhiteElo "1985"]
[BlackElo "2103"]
[PlyCount "84"]
[EventDate "2018.10.14"]
[EventType "team-tourn"]
[EventRounds "11"]
[EventCountry "CZE"]
[SourceTitle "EXT 2022"]
[Source "ChessBase"]
[SourceDate "2021.10.06"]
[SourceVersion "1"]
[SourceVersionDate "2021.10.06"]
[SourceQuality "1"]
[WhiteTeam "Decin"]
[BlackTeam "Litomerice"]
[WhiteTeamCountry "CZE"]
[BlackTeamCountry "CZE"]

1. d4 Nf6 2. c4 e5 3. Bg5 exd4 4. Qxd4 Be7 5. Nc3 Nc6 6. Qd2 h6 7. Bh4 d6 8. e3 0-0 9. Nf3 a6 10. Be2 Bf5 11. Rd1 Ne4 12. Nxe4 Bxe4 13. Bxe7 Qxe7 14. 0-0 Rfe8 15. Ne1 Ne5 16. f3 Bc6 17. Nc2 a5 18. Rfe1 b6 19. e4 Ba4 20. b3 Bd7 21. Ne3 Bc6 22. Nd5 Bxd5 23. cxd5 Rf8 24. Rc1 Ra7 25. Bb5 Nd7 26. Rc4 f6 27. Qc2 Ne5 28. Rc3 g5 29. g3 Rf7 30. Kh1 Rg7 31. Be2 Qd7 32. a4 Qf7 33. Qd1 Qe7 34. h3 Ng6 35. Kh2 h5 36. Qd4 h4 37. g4 Qe5+ 38. Qxe5 fxe5 39. Rec1 Nf4 40. Bb5 Kf8 41. R1c2 Re7 42. Rc1 Rf7 1/2-1/2

[Event "CZE-chT1W 1415"]
[Site "Czech Republic"]
[Date "2015.02.15"]
[Round "8.5"]
[White "Novacek, Jan"]
[Black "Contos, Vaclav"]
[Result "1-0"]
[WhiteElo "2137"]
[BlackElo "2104"]
[PlyCount "91"]
[EventDate "2014.10.19"]
[EventType "team-tourn"]
[EventRounds "11"]
[EventCountry "CZE"]
[SourceTitle "EXT 2016"]
[Source "ChessBase"]
[SourceDate "2015.10.08"]
[SourceVersion "1"]
[SourceVersionDate "2015.10.08"]
[SourceQuality "1"]
[WhiteTeam "Unichess II"]
[BlackTeam "Karlovy Vary"]
[WhiteTeamCountry "CZE"]
[BlackTeamCountry "CZE"]

1. e4 c6 2. d4 d5 3. f3 Qb6 4. Nc3 dxe4 5. fxe4 e5 6. Nf3 exd4 7. Qxd4 Qxd4 8. Nxd4 Bb4 9. Bd2 Nf6 10. Bd3 Nbd7 11. Nf5 0-0 12. a3 Ba5 13. b4 Bb6 14. Bf4 Ng4 15. Rf1 Bd8 16. Kd2 Nge5 17. Rab1 Ng6 18. Bd6 Bg5+ 19. Kd1 Re8 20. Ne2 Nde5 21. Neg3 Nf4 22. h4 Bxf5 23. Nxf5 Nfxd3 24. hxg5 Nb2+ 25. Rxb2 Nc4 26. Rb3 Rad8 27. Rd3 Nb2+ 28. Kc1 Nxd3+ 29. cxd3 Re6 30. e5 f6 31. gxf6 gxf6 32. d4 Kf7 33. Rh1 Kg6 34. g4 Rd7 35. Rh5 b6 36. Nh4+ Kg7 37. exf6+ Kxf6 38. Be5+ Rxe5 39. dxe5+ Ke6 40. Kc2 Rg7 41. g5 c5 42. bxc5 Rc7 43. Kd3 Rxc5 44. Nf3 Ra5 45. Ke4 Rxa3 46. Rxh7 1-0

[Event "CZE-chT1W 1415"]
[Site "Czech Republic"]
[Date "2015.01.18"]
[Round "6.6"]
[White "Novacek, Jan"]
[Black "Vokoun, Jan"]
[Result "0-1"]
[WhiteElo "2137"]
[BlackElo "2214"]
[PlyCount "73"]
[EventDate "2014.10.19"]
[EventType "team-tourn"]
[EventRounds "11"]
[EventCountry "CZE"]
[SourceTitle "EXT 2016"]
[Source "ChessBase"]
[SourceDate "2015.10.08"]
[SourceVersion "1"]
[SourceVersionDate "2015.10.08"]
[SourceQuality "1"]
[WhiteTeam "Unichess II"]
[BlackTeam "Praha Pankrac"]
[WhiteTeamCountry "CZE"]
[BlackTeamCountry "CZE"]

1. d4 Nc6 2. d5 Ne5 3. Nc3 e6 4. e4 Nf6 5. Nf3 Nxf3+ 6. Qxf3 e5 7. Qg3 d6 8. Be2 a6 9. f4 Nd7 10. Bg4 Qe7 11. Bxd7+ Bxd7 12. 0-0 f6 13. a4 g6 14. h4 Bg7 15. fxe5 Qxe5 16. Bf4 Qh5 17. Rae1 0-0 18. b3 Rae8 19. Re2 Qg4 20. Qxg4 Bxg4 21. Re3 f5 22. Rg3 h5 23. exf5 Rxf5 24. Rd3 Rf7 25. Bd2 Rxf1+ 26. Kxf1 Bf5 27. Rf3 Bxc2 28. Ne2 Be4 29. Rg3 Be5 30. Re3 Bxd5 31. Nf4 Bf7 32. Nd3 Bf6 33. Rf3 Bxh4 34. Bc3 Bxb3 35. Rh3 Re4 36. g3 Bg5 37. Nf2 0-1

[Event "CZE-chT2C 1314"]
[Site "Czech Republic"]
[Date "2013.11.17"]
[Round "2.3"]
[White "Novacek, Jan"]
[Black "Jancarik, Joel"]
[Result "1/2-1/2"]
[WhiteElo "2137"]
[BlackElo "2254"]
[PlyCount "33"]
[EventDate "2013.11.03"]
[EventType "team-tourn"]
[EventRounds "11"]
[EventCountry "CZE"]
[SourceTitle "EXT 2015"]
[Source "ChessBase"]
[SourceDate "2014.11.20"]
[SourceVersion "1"]
[SourceVersionDate "2014.11.20"]
[SourceQuality "1"]
[WhiteTeam "Postovni sporitelna III"]
[BlackTeam "Praha Kobylisy"]
[WhiteTeamCountry "CZE"]
[BlackTeamCountry "CZE"]

1. d4 Nf6 2. Nc3 d5 3. Bg5 e6 4. e4 dxe4 5. Nxe4 Be7 6. Nxf6+ Bxf6 7. Bxf6 Qxf6 8. c3 0-0 9. Qf3 Qe7 10. Bd3 Nd7 11. Ne2 c5 12. 0-0 Qg5 13. Rad1 cxd4 14. Nxd4 Ne5 15. Qe4 Nxd3 16. Rxd3 Qg6 17. Qxg6 1/2-1/2

[Event "CZE-chT2B 1213"]
[Site "Czech Republic"]
[Date "2013.03.03"]
[Round "10.6"]
[White "Joukl, Zdenek"]
[Black "Novacek, Jan"]
[Result "1-0"]
[WhiteElo "2068"]
[BlackElo "2124"]
[PlyCount "81"]
[EventDate "2012.10.14"]
[EventType "team-tourn"]
[EventRounds "11"]
[EventCountry "CZE"]
[SourceTitle "EXT 2015"]
[Source "ChessBase"]
[SourceDate "2014.11.20"]
[SourceVersion "1"]
[SourceVersionDate "2014.11.20"]
[SourceQuality "1"]
[WhiteTeam "Mlada Boleslav"]
[BlackTeam "Postovni sporitelna II"]
[WhiteTeamCountry "CZE"]
[BlackTeamCountry "CZE"]

1. d4 d5 2. Nf3 c6 3. Bf4 e6 4. Nbd2 Bd6 5. e3 Bxf4 6. exf4 Qd6 7. g3 Nf6 8. Bd3 0-0 9. 0-0 b6 10. Qe2 c5 11. c3 Nc6 12. a3 a5 13. Rfd1 Bd7 14. dxc5 bxc5 15. Nc4 Qc7 16. Nce5 Rab8 17. Rab1 Rb6 18. Nxd7 Qxd7 19. Ne5 Qe7 20. Nxc6 Rxc6 21. Bb5 Rb6 22. a4 Ne4 23. c4 Qb7 24. cxd5 exd5 25. Bd3 Nf6 26. Bb5 Rd6 27. Rbc1 Qb6 28. Kg2 h6 29. h3 Rc8 30. Rc2 Rcd8 31. Rdc1 c4 32. Rd1 Ne4 33. Qe3 Qc5 34. Rd4 f5 35. Rxe4 d4 36. Re8+ Kh7 37. Qe5 Rd5 38. Qe7 R5d6 39. Qe5 Rd5 40. Qe6 Rxe8 41. Bxe8 1-0

[Event "CZE-chT1W 0910"]
[Site "Czech Republic"]
[Date "2010.04.11"]
[Round "11.4"]
[White "Kucera, Petr"]
[Black "Novacek, Jan"]
[Result "0-1"]
[WhiteElo "2346"]
[BlackElo "2089"]
[PlyCount "115"]
[EventDate "2009.10.11"]
[EventType "team-tourn"]
[EventRounds "11"]
[EventCountry "CZE"]
[SourceTitle "EXT 2011"]
[Source "ChessBase"]
[SourceDate "2010.11.26"]
[SourceVersion "1"]
[SourceVersionDate "2010.11.26"]
[SourceQuality "1"]
[WhiteTeam "Novoborsky II"]
[BlackTeam "Postovni sporitelna II"]
[WhiteTeamCountry "CZE"]
[BlackTeamCountry "CZE"]

1. d4 d5 2. Nf3 Bg4 3. Ne5 Bf5 4. c4 f6 5. Qa4+ c6 6. Nf3 e6 7. g3 Nd7 8. Nbd2 Ne7 9. Bg2 g5 10. 0-0 Bg7 11. Qd1 0-0 12. Re1 Bg4 13. b3 Qe8 14. Ba3 Qf7 15. e4 Rfe8 16. Rc1 Rac8 17. exd5 cxd5 18. Bxe7 Rxe7 19. cxd5 Rxc1 20. Qxc1 exd5 21. Rxe7 Qxe7 22. Qc8+ Bf8 23. Qxb7 Nb6 24. Qxe7 Bxe7 25. Kf1 Kf7 26. Ke2 Ke6 27. Nf1 Bf5 28. N3d2 Bg6 29. Bh3+ f5 30. f4 gxf4 31. gxf4 Nd7 32. Ng3 Nf6 33. Nb1 h5 34. Nc3 h4 35. Nf1 Bd6 36. Ke3 Bh5 37. Bg2 Bb4 38. Kd3 Ne4 39. Nxe4 dxe4+ 40. Kc4 a5 41. d5+ Kd6 42. a3 Be2+ 43. Kd4 Bxa3 44. Ke3 Bb5 45. Kd2 Bb4+ 46. Kd1 Bc5 47. Nd2 Kxd5 48. Nc4 a4 49. Bf1 a3 50. Kc2 Bg1 51. h3 Bd4 52. Kb1 Kc5 53. Be2 Bc3 54. Bh5 Bxc4 55. bxc4 Kxc4 56. Kc2 Kd4 57. Kb3 Bb2 58. Bg6 0-1

[Event "CZE-chT1W 0910"]
[Site "Czech Republic"]
[Date "2009.10.11"]
[Round "1.8"]
[White "Novacek, Jan"]
[Black "Pokorny, Petr"]
[Result "1/2-1/2"]
[WhiteElo "2089"]
[BlackElo "2191"]
[PlyCount "85"]
[EventDate "2009.10.11"]
[EventType "team-tourn"]
[EventRounds "11"]
[EventCountry "CZE"]
[SourceTitle "EXT 2011"]
[Source "ChessBase"]
[SourceDate "2010.11.26"]
[SourceVersion "1"]
[SourceVersionDate "2010.11.26"]
[SourceQuality "1"]
[WhiteTeam "Postovni sporitelna II"]
[BlackTeam "Postovni sporitelna"]
[WhiteTeamCountry "CZE"]
[BlackTeamCountry "CZE"]

1. d4 d5 2. Nc3 Nf6 3. Bg5 Bf5 4. Nf3 e6 5. e3 Nbd7 6. Bd3 Bxd3 7. Qxd3 Be7 8. 0-0 0-0 9. e4 dxe4 10. Nxe4 Nxe4 11. Bxe7 Qxe7 12. Qxe4 Qb4 13. Rab1 Nf6 14. Qe2 Rfd8 15. c3 Qa5 16. b4 Qf5 17. Qe5 Qxe5 18. Nxe5 Ne4 19. Rbc1 a5 20. b5 a4 21. Nc4 a3 22. f3 Nf6 23. Rb1 Ra4 24. Ne5 Nd5 25. Rfc1 f6 26. Nd3 b6 27. Kf2 Ne7 28. Re1 e5 29. Rb4 Rxb4 30. Nxb4 Ng6 31. Nc6 Rd7 32. dxe5 fxe5 33. g3 Rd3 34. Rc1 Rd2+ 35. Ke3 Rxa2 36. Nb4 Rxh2 37. Ra1 a2 38. Nxa2 Kf7 39. Nb4 Ke6 40. Ra7 Kd6 41. Na6 Rc2 42. Kd3 Rg2 43. Rxc7 1/2-1/2

[Event "CZE-chT2b 0607"]
[Site "Czech Republic"]
[Date "2007.03.25"]
[Round "10"]
[White "Kratochvil, Jakub"]
[Black "Novacek, Jan"]
[Result "1-0"]
[WhiteElo "2050"]
[BlackElo "2100"]
[PlyCount "65"]
[EventDate "2006.10.15"]
[EventType "team-tourn"]
[EventRounds "11"]
[EventCountry "CZE"]
[SourceTitle "EXT 2009"]
[Source "ChessBase"]
[SourceDate "2008.11.26"]
[SourceVersion "1"]
[SourceVersionDate "2008.11.26"]
[SourceQuality "1"]

1. e4 c5 2. Nf3 e6 3. d4 cxd4 4. Nxd4 Nf6 5. Nc3 d6 6. Be2 a6 7. 0-0 b5 8. Bf3 e5 9. Nb3 Bb7 10. Be3 Be7 11. a3 0-0 12. Qe2 Nbd7 13. Rad1 Qc7 14. g3 Nb6 15. Bxb6 Qxb6 16. Rfe1 Rac8 17. Qe3 Qc7 18. Bg2 Nd7 19. Bh3 Rcd8 20. Bxd7 Rxd7 21. Re2 Qd8 22. Nd5 Bg5 23. Qd3 f5 24. exf5 Rdf7 25. f6 Bxf6 26. Nxf6+ Rxf6 27. Nc5 Bf3 28. Ne4 Re6 29. Red2 d5 30. Re1 d4 31. Qb3 Rff6 32. Nxf6+ Qxf6 33. Rxd4 1-0

[Event "CZE-chT2b 0607"]
[Site "Czech Republic"]
[Date "2007.02.25"]
[Round "8"]
[White "Papay, Jindrich"]
[Black "Novacek, Jan"]
[Result "1-0"]
[WhiteElo "2020"]
[BlackElo "2100"]
[PlyCount "53"]
[EventDate "2006.10.15"]
[EventType "team-tourn"]
[EventRounds "11"]
[EventCountry "CZE"]
[SourceTitle "EXT 2009"]
[Source "ChessBase"]
[SourceDate "2008.11.26"]
[SourceVersion "1"]
[SourceVersionDate "2008.11.26"]
[SourceQuality "1"]

1. e4 c5 2. Nf3 e6 3. d4 cxd4 4. Nxd4 a6 5. c4 Nf6 6. Nc3 d6 7. Be2 Be7 8. Nc2 0-0 9. Be3 Bd7 10. 0-0 Bc6 11. f3 Qc7 12. Rc1 Rd8 13. Qe1 d5 14. Qf2 Nbd7 15. cxd5 exd5 16. Nd4 Qa5 17. a3 Rab8 18. Nb3 Qc7 19. exd5 Bd6 20. g3 Re8 21. Kg2 Ne5 22. Rfd1 Qe7 23. dxc6 bxc6 24. Nd4 g6 25. b4 c5 26. Nc2 c4 27. Bg5 1-0

[Event "CZE-chT2b 0607"]
[Site "Czech Republic"]
[Date "2007.01.14"]
[Round "6"]
[White "Novacek, Jan"]
[Black "Krsek, Tomas"]
[Result "0-1"]
[WhiteElo "2100"]
[BlackElo "2100"]
[PlyCount "74"]
[EventDate "2006.10.15"]
[EventType "team-tourn"]
[EventRounds "11"]
[EventCountry "CZE"]
[SourceTitle "EXT 2009"]
[Source "ChessBase"]
[SourceDate "2008.11.26"]
[SourceVersion "1"]
[SourceVersionDate "2008.11.26"]
[SourceQuality "1"]

1. d4 Nf6 2. Nc3 d5 3. Bg5 Bf5 4. Nf3 e6 5. e3 Nbd7 6. Bd3 Bg4 7. h3 Bxf3 8. Qxf3 Be7 9. 0-0 c6 10. Bf4 a6 11. g4 h6 12. h4 g5 13. hxg5 hxg5 14. Bg3 Qb6 15. Na4 Qa5 16. b3 0-0-0 17. Nb2 Qa3 18. Na4 Rdf8 19. c4 Bd6 20. c5 Bxg3 21. Qxg3 Rh4 22. f3 Rfh8 23. Kg2 Qb4 24. Rf2 e5 25. Bf5 Rh2+ 26. Qxh2 Rxh2+ 27. Kxh2 exd4 28. e4 Kd8 29. Rd1 Ne5 30. Kg2 dxe4 31. Rfd2 Nxf3 32. a3 Qxb3 33. Rxd4+ Nxd4 34. Rxd4+ Nd5 35. Bxe4 Qe3 36. Rxd5+ cxd5 37. Bf5 Qxa3 0-1

[Event "CZE-chT2b 0607"]
[Site "Czech Republic"]
[Date "2006.12.17"]
[Round "5"]
[White "Novacek, Jan"]
[Black "Erneker, Josef"]
[Result "1-0"]
[WhiteElo "2100"]
[BlackElo "2160"]
[PlyCount "57"]
[EventDate "2006.10.15"]
[EventType "team-tourn"]
[EventRounds "11"]
[EventCountry "CZE"]
[SourceTitle "EXT 2009"]
[Source "ChessBase"]
[SourceDate "2008.11.26"]
[SourceVersion "1"]
[SourceVersionDate "2008.11.26"]
[SourceQuality "1"]

1. d4 Nf6 2. Nc3 d5 3. Bg5 Nc6 4. Nf3 Ne4 5. Bh4 f6 6. e3 Nxc3 7. bxc3 e6 8. Bd3 Be7 9. Nd2 0-0 10. c4 Nb4 11. Be2 c5 12. c3 Nc6 13. 0-0 g5 14. Bg3 f5 15. h3 Kg7 16. Bd3 b6 17. Rb1 h6 18. cxd5 exd5 19. Bb5 Na5 20. Be5+ Bf6 21. f4 Bxe5 22. fxe5 Bd7 23. Bd3 cxd4 24. exd4 Rc8 25. Rc1 Be6 26. Qe2 Qe7 27. Kh1 Qa3 28. Nb1 Qa4 29. Bb5 1-0

[Event "CZE-chT2b 0506"]
[Site "Czech Republic"]
[Date "2006.03.26"]
[Round "10"]
[White "Novacek, Jan"]
[Black "Kansky, Pavel"]
[Result "0-1"]
[WhiteElo "2115"]
[BlackElo "2136"]
[PlyCount "54"]
[EventDate "2005.10.16"]
[EventType "team-tourn"]
[EventRounds "11"]
[EventCountry "CZE"]
[SourceTitle "EXT 2009"]
[Source "ChessBase"]
[SourceDate "2008.11.26"]
[SourceVersion "1"]
[SourceVersionDate "2008.11.26"]
[SourceQuality "1"]

1. d4 d5 2. Nc3 Nf6 3. Bg5 Bf5 4. e3 e6 5. Bd3 Be7 6. Nf3 0-0 7. 0-0 Ne4 8. Bxe7 Qxe7 9. Bxe4 Bxe4 10. Nxe4 dxe4 11. Nd2 f5 12. f4 Nd7 13. c3 Kh8 14. b4 Rf6 15. g3 Rh6 16. Nc4 g5 17. d5 gxf4 18. dxe6 Rxe6 19. Rxf4 b5 20. Na5 Ne5 21. Qh5 Nf3+ 22. Rxf3 exf3 23. Qxf3 Re8 24. Qxf5 Rxe3 25. Nc6 Re1+ 26. Rxe1 Qxe1+ 27. Kg2 Qd2+ 0-1

[Event "CZE-chT2b 0506"]
[Site "Czech Republic"]
[Date "2006.03.12"]
[Round "9"]
[White "Dalecky, Bretislav"]
[Black "Novacek, Jan"]
[Result "1-0"]
[WhiteElo "2150"]
[BlackElo "2115"]
[PlyCount "109"]
[EventDate "2005.10.16"]
[EventType "team-tourn"]
[EventRounds "11"]
[EventCountry "CZE"]
[SourceTitle "EXT 2009"]
[Source "ChessBase"]
[SourceDate "2008.11.26"]
[SourceVersion "1"]
[SourceVersionDate "2008.11.26"]
[SourceQuality "1"]

1. e4 d5 2. exd5 Qxd5 3. Nc3 Qe6+ 4. Be2 Qg6 5. Bf3 c6 6. Nge2 e5 7. d4 exd4 8. Qxd4 Be7 9. Ne4 Kf8 10. Bd2 Nd7 11. 0-0-0 c5 12. Qe3 Qa6 13. N2c3 Ngf6 14. Rhe1 Kg8 15. Nxf6+ Bxf6 16. Qxc5 h6 17. Re8+ Kh7 18. Be4+ g6 19. Rxh8+ Kxh8 20. Qb4 Kg7 21. f4 Rb8 22. Kb1 Qb6 23. Nd5 Qxb4 24. Bxb4 Bd8 25. Bd6 Ra8 26. Ne7 Bxe7 27. Bxe7 a5 28. Rd6 a4 29. Bd8 Kf8 30. Bd5 Nc5 31. Bb6 Ne6 32. Bc4 Ke7 33. Rd2 Bd7 34. g3 Rc8 35. b3 axb3 36. cxb3 Bc6 37. Kb2 h5 38. Ba5 Kf6 39. Bc3+ Kf5 40. h3 h4 41. Rd7 hxg3 42. Rxf7+ Ke4 43. Bxe6 g2 44. Bxc8 g1Q 45. Bg4 Kd3 46. Re7 Qf2+ 47. Be2+ Qxe2+ 48. Rxe2 Kxe2 49. Bf6 Kd3 50. a4 b5 51. a5 Bb7 52. h4 Ke4 53. Kc3 Kd5 54. Kb4 Kc6 55. f5 1-0